LEADER 02463nam 2200421 450 001 9910150554603321 005 20230810001353.0 010 $a3-8426-8796-6 035 $a(CKB)3710000000943812 035 $a(MiAaPQ)EBC4744652 035 $a58984492-90b4-4f66-9734-47f1b0dd2d03 035 $a(EXLCZ)993710000000943812 100 $a20190122d2017 uy 0 101 0 $ager 135 $aurcnu|||||||| 181 $ctxt$2rdacontent 182 $cc$2rdamedia 183 $acr$2rdacarrier 200 14$aDas neue Begutachtungsinstrument $eFeststellung der Pflegebedurftigkeit durch den MDK : gezielt vorbereiten-souveran meistern /$fJutta Konig 205 $a2. Auflage. 210 1$aHannover :$cSchlutersche,$d2017. 215 $a1 online resource (178 pages) 225 0 $apflege kolleg 300 $aPublicationDate: 20161111 311 $a3-89993-383-4 330 $aLong description: Am 1. Januar 2017 beginnt in der Pflege eine neue Zeitrechnung: ein neuer Pflegebedürftigkeitsbegriff, das neue Begutachtungsinstrument und neue Pflegegrade kommen. Das bedeutet für alle Pflegekräfte: Wer auf Augenhöhe mit dem MDK verhandeln will, muss das neue Begutachtungsinstrument sehr gut kennen. Dieses Buch präsentiert Tipps, kompakte Informationen und erfolgreiche Strategien, die Pflegekräfte jetzt kennen und umsetzen müssen. Denn: Der richtige Pflegegrad ist gut für den Pflegebedürftigen und Gold wert für das Pflegeunternehmen! Auf den Punkt gebracht: Pflegereform 2017: Auf Augenhöhe mit dem MDK. Fit für das neue Begutachtungsinstrument ? der Praxisratgeber für alle Pflegekräfte. Mit konkreten Beispielen aus der Praxis - auch zum PSG II. Wichtige Infos und hilfreiche Strategien für die Begutachtungssituation. 330 $aBiographical note: Jutta König ist Wirtschaftsdiplom-Betriebswirtin Gesundheit (VWA) und Sachverständige bei verschiedenen Sozialgerichten im Bundesgebiet. Sie unterrichtet Pflegesachverständige und Pflegeberater, arbeitet als Unternehmensberaterin und Dozentin in den Bereichen SGB XI, SGB V, Heim- und Betreuungsrecht. Sie ist examinierte Altenpflegerin, Pflegedienst- und Heimleitung. 606 $aNursing 615 0$aNursing. 676 $a610.73 700 $aKo?nig$b Jutta$01241643 801 0$bMiAaPQ 801 1$bMiAaPQ 801 2$bMiAaPQ 906 $aBOOK 912 $a9910150554603321 996 $aDas neue Begutachtungsinstrument$92880281 997 $aUNINA LEADER 02303 am 2200625 n 450 001 9910149220103321 005 20161108 010 $a2-7226-0429-9 024 7 $a10.4000/books.cdf.4120 035 $a(CKB)3710000000930061 035 $a(FrMaCLE)OB-cdf-4120 035 $a(oapen)https://directory.doabooks.org/handle/20.500.12854/50214 035 $a(PPN)267931581 035 $a(EXLCZ)993710000000930061 100 $a20161108j|||||||| ||| 0 101 0 $aeng 135 $auu||||||m|||| 181 $ctxt$2rdacontent 182 $cc$2rdamedia 183 $acr$2rdacarrier 200 14$aThe Informatics of Time and Events $eInaugural lecture delivered on Thursday 28 March 2013 /$fGérard Berry 210 $aParis $cCollège de France$d2016 330 $aThe management of time and events is central to various domains of informatics, from embedded circuits and software programs in all sorts of objects to musical creation, or the simulation of physical phenomena. Yet this subject receives little attention in classical informatics. This lecture presents different types of time and event modelling associated with new programming languages. It discusses the notions of density of the moment and of hierarchical and multiform times created by the rep... 606 $aMultidisciplinary 606 $ainformatique 606 $aprogrammation 606 $aembedded systems 606 $acomputer science 606 $aprogramming language 606 $acomputer programming 606 $asynchronization 606 $atime 610 $acomputer science 610 $acomputer programming 610 $aembedded systems 610 $asynchronization 610 $aprogramming language 610 $atime 615 4$aMultidisciplinary 615 4$ainformatique 615 4$aprogrammation 615 4$aembedded systems 615 4$acomputer science 615 4$aprogramming language 615 4$acomputer programming 615 4$asynchronization 615 4$atime 700 $aBerry$b Gérard$0802312 701 $aBerry$b Gérard$0802312 701 $aHaroche$b Serge$026976 801 0$bFR-FrMaCLE 906 $aBOOK 912 $a9910149220103321 996 $aThe Informatics of Time and Events$93032910 997 $aUNINA